| 000 | 00475nam a2200157Ia 4500 | ||
|---|---|---|---|
| 008 | 210716s2009 xx 000 0 und d | ||
| 020 | _a9788120337411 | ||
| 041 | _aeng | ||
| 082 | _a658.85 BROR | ||
| 100 | _aBrown, Ronald. | ||
| 245 |
_aFrom selling to managing: guidelines for the first time sales manager. _bGuidelines for the first time sales manager. |
||
| 250 | _a1 | ||
| 260 |
_aNew Delhi _bPHI Learning Pvt Ltd _c2009 |
||
| 300 | _aviii,161 | ||
| 650 | _aMarketing | ||
| 999 |
_c203843 _d203843 |
||